Capital Cities With 10 Million People - Sudden Death - Statistics

General Stats
  • This quiz has been taken 565 times
    65 since last reset
  • The average score is 7 of 18
Answers on the Grid
Answers color-coded by a green-red scale on the quiz's grid according to % correct below.
Addis Ababa
Ankara
Baghdad
Bangkok
Beijing
Berlin
Bogotá
Brasília
Buenos Aires
Cairo
Cape Town
Dhaka
Hanoi
Jakarta
Kabul
Khartoum
Kinshasa
Kuala Lumpur
Lima
London
Luanda
Madrid
Manila
Mexico City
Moscow
Nairobi
New Delhi
Paris
Riyadh
Santiago
Seoul
Singapore
Tehran
Tokyo
Washington D.C.
Yaoundé
 
Answer Stats
Answer % Correct
Beijing
63%
Tokyo
55%
Cairo
50%
London
47%
Jakarta
45%
Mexico City
45%
Moscow
39%
Bangkok
37%
Buenos Aires
37%
Dhaka
37%
New Delhi
34%
Seoul
34%
Bogotá
32%
Kinshasa
29%
Paris
29%
Manila
24%
Lima
18%
Tehran
16%
No matching quizzes found
Score Distribution
Percent of People with Each Score
Percentile by Number Answered
Your Score History
You have not taken this quiz since the last reset